| 000 | 01167cam a22002655a 4500 | ||
|---|---|---|---|
| 001 | L156117 | ||
| 008 | 120430s1867 xxk f 000 0 eng d | ||
| 035 | _a(Sirsi) u156117 | ||
| 041 | 0 | _aeng | |
| 245 | 0 | 0 |
_aSix essays on commons preservation: written in competition for prizes offered by Henry W. Peek _b Containing a legal and historical examination of manorial rights and customs, with a view to the preservation of commons near great towns ... |
| 260 |
_aLondon _bS. Low, son, and Marston _c1867 |
||
| 300 |
_axvii, 432 p., 1 l. _c23 cm. |
||
| 583 |
_aCondition reviewed _c20120620 _lcondition level 1 |
||
| 651 | 4 |
_aGreat Britain _y1707- |
|
| 690 |
_aLand use _96251 |
||
| 700 | 1 |
_aPeek, Henry W. _q(Henry William) _cSir _d1825-1898 |
|
| 700 | 1 |
_aMaidlow, John M. _q(John Mott) _db. 1839 |
|
| 700 | 1 |
_aBeale, William Phipson _cSir, bart. _d1839-1922 |
|
| 700 | 1 |
_aCrump, F. Octavius _q(Frederick Octavius) _d1840-1900 |
|
| 700 | 1 |
_aHocking, Henry Hicks _cSir _d1842-1907 |
|
| 700 | 1 |
_aHunter, Robert _cSir _d1844-1913 |
|
| 700 | 1 |
_aLockhart, Edgar Henry _d1839?-1868 |
|
| 700 | 1 |
_aEversley, G. Shaw-Lefevre _q(George Shaw-Lefevre) _cBaron _d1832-1928 |
|
| 942 | _n0 | ||
| 999 |
_c114043 _d114043 |
||